Tilastot visalle Etsi virheet Euroopan lipuista kartalla

Klikkaa tästä pelataksesi tätä visaa!

Yleistilastot

  • Tätä visaa on pelattu 913 kertaa
  • Keskiarvotulos 6 / 8

Vastaukset kartalla

Vastauksille on annettu kartalla punavihreä väri sen mukaan, kuinka moni on saanut sen oikein.
 

Vastaustilastot

Valtio% Oikein
Ruotsi
95%
Yhdistynyt kuningaskunta
85%
Portugali
80%
Sveitsi
78%
Puola
63%
Kreikka
62%
San Marino
51%
Ukraina
43%

Tulosjakauma

Persentiili vastausten määrän mukaan

Jokaisen tuloksen saaneiden osuus

Tuloshistoriasi

Et ole pelannut tätä visaa